<?xml version="1.0" encoding="UTF-8"?>
<collection xmlns="http://www.loc.gov/MARC21/slim">
 <record>
  <leader>     na                 </leader>
  <controlfield tag="001">INLIS000000000014615</controlfield>
  <controlfield tag="005">20250227091423</controlfield>
  <datafield tag="035" ind1=" " ind2=" ">
   <subfield code="a">0010-0225000044</subfield>
  </datafield>
  <datafield tag="245" ind1="1" ind2=" ">
   <subfield code="a">Renang tingkat mahir :</subfield>
   <subfield code="b">Langkah-langkah menuju keberhasilan /</subfield>
   <subfield code="c">David G. Thomas</subfield>
  </datafield>
  <datafield tag="100" ind1="0" ind2=" ">
   <subfield code="a">Thomas, David G.</subfield>
  </datafield>
  <datafield tag="300" ind1=" " ind2=" ">
   <subfield code="a">x, 178 hlm.; 27 cm. :</subfield>
   <subfield code="b">ilus</subfield>
  </datafield>
  <datafield tag="700" ind1="0" ind2=" ">
   <subfield code="a">Alfons Palangkaraya</subfield>
  </datafield>
  <datafield tag="260" ind1=" " ind2=" ">
   <subfield code="a">Jakarta :</subfield>
   <subfield code="b">Raja Grafindo Persada,</subfield>
   <subfield code="c">2000</subfield>
  </datafield>
  <datafield tag="082" ind1=" " ind2=" ">
   <subfield code="a">797.21</subfield>
  </datafield>
  <datafield tag="084" ind1=" " ind2=" ">
   <subfield code="a">797.21 THO r</subfield>
  </datafield>
  <datafield tag="020" ind1=" " ind2=" ">
   <subfield code="a">979-421-566-XX</subfield>
  </datafield>
  <datafield tag="650" ind1=" " ind2=" ">
   <subfield code="a">Renang</subfield>
  </datafield>
  <datafield tag="520" ind1=" " ind2=" ">
   <subfield code="a">Buku ini berisi proses bertahap guna mempelajari gaya-gaya baru yang juga diperlombakan (gaya punggung dan kupu-kupu), mempelajari kembali gaya bebas dan gaya dada dan menyempurnakannya untuk tingkat perlombaan, dan juga mempelajari cara-cara untuk berputar haluan dalam pertandingan.</subfield>
  </datafield>
  <datafield tag="520" ind1=" " ind2=" ">
   <subfield code="a">Judul asli: Swimming Advance: Step to success</subfield>
  </datafield>
  <controlfield tag="008">250227                e          0 ind  </controlfield>
  <datafield tag="990" ind1=" " ind2=" ">
   <subfield code="a">024.3408/PC/24</subfield>
  </datafield>
  <datafield tag="990" ind1=" " ind2=" ">
   <subfield code="a">024.3409/PC/24</subfield>
  </datafield>
  <datafield tag="990" ind1=" " ind2=" ">
   <subfield code="a">024.3410/PC/24</subfield>
  </datafield>
 </record>
</collection>
